IN THE SHADOW OF THE BUDDHA SECRET JOURNEYS AND SPIRITUA (Record no. 19140)

MARC details
000 -LEADER
fixed length control field 00355nam a2200133Ia 4500
008 - FIXED-LENGTH DATA ELEMENTS--GENERAL INFORMATION
fixed length control field 240624s9999 xx 000 0 und d
041 ## - LANGUAGE CODE
Language code of text/sound track or separate title eng
082 ## - DEWEY DECIMAL CLASSIFICATION NUMBER
Classification number 920 PIS
100 ## - MAIN ENTRY--PERSONAL NAME
Personal name PISTONO MATTEO
245 ## - TITLE STATEMENT
Title IN THE SHADOW OF THE BUDDHA SECRET JOURNEYS AND SPIRITUA
260 ## - PUBLICATION, DISTRIBUTION, ETC.
Date of publication, distribution, etc. 2011
Name of publisher, distributor, etc. Hay House India
300 ## - PHYSICAL DESCRIPTION
Extent x, : 272 : p. : cm. ; 22
365 ## - TRADE PRICE
Currency code RS
Holdings
Withdrawn status Lost status Damaged status Not for loan Home library Current library Shelving location Date acquired Source of acquisition Cost, normal purchase price Full call number Barcode Date last seen Copy number Price effective from Koha item type
        IMTN IMTN Rack 42-B 06/01/2012 FK 299.00 920 PIS 19140 06/24/2024 1 06/24/2024 Books
Designed & Maintained by: LRC IMT Nagpur Contact: lrc@imtnag.ac.in© 2024. All Rights Reserved.